000 00628nam a2200253Ia 4500
003 OSt
005 20221005120549.0
006 a|||||r|||| 00| 0
007 ta
008 221004b |||||||| |||| 00| 0 tam d
024 _a47321
037 _cTextual
040 _aCRL
_cCRL
_btam
041 _2tam
_atam
082 _aNWwN03, 31L4
100 _aMeyyappan Au.
_9629345
245 0 _aEnathu vazkai anupavangal
260 _c1974
300 _a232p.
_ccm.
650 _a MOTION PICTURES
_927571
650 _aARTS
942 _hNWwN03, 31L4
_cTEXL
_2cc
999 _c1038442
_d1038442